|
|
|
|
| LEADER |
00000nam a2200000Ia 4500 |
| 008 |
170316s9999 xx 000 0 und d |
| 040 |
|
|
|a cru BVZT
|
| 090 |
|
|
|a 100 G-4an
|
| 100 |
|
|
|a Gallardo, Helio
|
| 245 |
|
|
|a Antropología: La autoproducción humana
|
| 260 |
|
|
|a San José, Costa Rica
|
| 260 |
|
|
|b EUNED
|
| 260 |
|
|
|c 2013
|
| 300 |
|
|
|a 414 páginas
|
| 650 |
|
|
|a FILOSOFÍA
|
| 650 |
|
|
|a ANTROPOLOGÍA
|
| 650 |
|
|
|a TEOLOGÍA
|
| 650 |
|
|
|a DERECHOS HUMANOS
|
| 650 |
|
|
|a AUTOPRODUCCIÓN HUMANA
|
| 650 |
|
|
|a HELIO GALLARDO
|
| 650 |
|
|
|a POLÍTICA
|
| 650 |
|
|
|a ALBERT CAMUS
|
| 650 |
|
|
|a CULTURA
|
| 650 |
|
|
|a INTERDISCIPLINARIEDAD
|
| 650 |
|
|
|a BERLÍN
|
| 650 |
|
|
|a JUAN PABLO II
|
| 650 |
|
|
|a ARTHUR C. CLARKE
|
| 650 |
|
|
|a PETER SINGER
|
| 650 |
|
|
|a KENNETH ROGOFF
|
| 650 |
|
|
|a EDGAR MORIN
|
| 650 |
|
|
|a INSTITUCIONES - EXPERIENCIA HUMANA
|
| 650 |
|
|
|a ROMEO HERNÁNDEZ MENDOZA
|
| 650 |
|
|
|a KLAUS STEINMETZ
|
| 650 |
|
|
|a PAUL KRUGMAN
|
| 650 |
|
|
|a PABLO CEDEÑO
|
| 650 |
|
|
|a EL HOMO SAPIENS
|a 22. EL HOMO SAPIENS
|
| 650 |
|
|
|a HISTORIA DE AMÉRICA LATINA
|
| 999 |
|
|
|c 15087
|d 15087
|
| 942 |
|
|
|c 15 D
|h 100 G-4an
|2 z
|